000 00505nam a2200181Ia 4500
005 20250508162047.0
008 008 250505s9999 xx 000 0 eng d
037 _aTextual
040 _aFEDL
_beng
_cFEDL
041 _aeng
_2eng
084 _a954, SEL
_qFEDL
100 _aSelbourne David
245 0 _aEye to India: The unmasking of a tyranny
260 _aHarmodsworth, UK
_bPenguin books Ltd.
_c1977
300 _axiii,561p
942 _cTEXL
_h954, SEL
999 _c1374129
_d1374129